The middle way (Record no. 78506)

MARC details
000 -LEADER
fixed length control field 01588cab a22001815a 4500
001 - CONTROL NUMBER
control field L136952
008 - FIXED-LENGTH DATA ELEMENTS--GENERAL INFORMATION
fixed length control field 070306e2007 xxk 000 0 eng d
035 ## - SYSTEM CONTROL NUMBER
System control number (Sirsi) u136952
041 0# - LANGUAGE CODE
Language code of text/sound track or separate title eng
100 1# - MAIN ENTRY--PERSONAL NAME
Personal name Salata, Anthony
245 04 - TITLE STATEMENT
Title The middle way
260 ## - PUBLICATION, DISTRIBUTION, ETC.
Date of publication, distribution, etc. 2007
490 #0 - SERIES STATEMENT
Series statement RICS Business
Volume/sequential designation March 2007, 24-26(2)
520 ## - SUMMARY, ETC.
Summary, etc. Discusses the pros and cons of mediation as a method of dispute resolution. Key advantages are its low cost and high speed, the fact it enables both parties to retain control of the situation, the confidentiality of proceedings, and its suitability to construction and property disputes. However, mediation is not the best of course of action in all circumstances, particularly when the intentions of parties are different, and mediation cannot provide the advantage of precedent. Briefly outlines the key tasks of a mediator.
651 #4 - SUBJECT ADDED ENTRY--GEOGRAPHIC NAME
Geographic name Discusses the pros and cons of mediation as a method of dispute resolution. Key advantages are its low cost and high speed, the fact it enables both parties to retain control of the situation, the confidentiality of proceedings, and its suitability to construction and property disputes. However, mediation is not the best of course of action in all circumstances, particularly when the intentions of parties are different, and mediation cannot provide the advantage of precedent. Briefly outlines the key tasks of a mediator.
690 ## - LOCAL SUBJECT ADDED ENTRY--TOPICAL TERM (OCLC, RLIN)
Topical term or geographic name as entry element MANAGEMENT-DISPUTE AVOIDANCE, MANAGEMENT AND RESOLUTION-DISPUTE MANAGEMENT AND RESOLUTION-ALTERNATIVE DISPUTE RESOLUTION-ASSISTED NEGOTIATION-MEDIATION
942 ## - ADDED ENTRY ELEMENTS (KOHA)
Suppress in OPAC 0
Holdings
Withdrawn status Lost status Source of classification or shelving scheme Damaged status Not for loan Home library Current library Shelving location Date acquired Total Checkouts Full call number Barcode Date last seen Copy number Price effective from Koha item type
    Dewey Decimal Classification     London London Journal article 06/03/2007   L136952 136952-1001 06/08/2019 1 06/08/2019 Journal article